Подробности
| 000 -МАРКЕР |
| контрольное поле |
02793nam0a2200409 4500 |
| 001 - ИДЕНТИФИКАТОР ЗАПИСИ |
| контрольное поле |
RU\NLR\BIBL_A\012733839 |
| 005 - ИДЕНТИФИКАТОР ВЕРСИИ |
| контрольное поле |
20260407053408.0 |
| 010 ## - МЕЖДУНАРОДНЫЙ СТАНДАРТНЫЙ НОМЕР КНИГИ (ISBN) |
| Номер (ISBN) |
978-5-00196-015-7 |
| Тираж |
95 |
| 021 ## - НОМЕР ГОСУДАРСТВЕННОЙ РЕГИСТРАЦИИ |
| Код страны |
российская федерация |
| Номер |
2021-84069 |
| Номер Листа государственной регистраци |
КН-П-6699 |
| 035 ## - ДРУГИЕ СИСТЕМНЫЕ НОМЕРА |
| Идентификатор записи |
(RuMoRGB)010899173 |
| 035 ## - ДРУГИЕ СИСТЕМНЫЕ НОМЕРА |
| Идентификатор записи |
(NLR Aleph) 012733839 |
| 100 ## - ДАННЫЕ ОБЩЕЙ ОБРАБОТКИ |
| Данные общей обработки |
20220318d2021 |||y0rusy50 ca |
| 101 0# - ЯЗЫК РЕСУРСА |
| Язык текста, звукозаписи и т.д. |
русский |
| -- |
английский |
| 102 ## - СТРАНА ПУБЛИКАЦИИ ИЛИ ПРОИЗВОДСТВА |
| Страна публикации |
российская федерация |
| 105 ## - ПОЛЕ КОДИРОВАННЫХ ДАННЫХ: ТЕКСТОВЫЕ МАТЕРИАЛЫ, МОНОГРАФИЧЕСКИЕ |
| Кодированные данные о монографическом текстовом документе |
a z 100zy |
| 181 #0 - ПОЛЕ КОДИРОВАННЫХ ДАННЫХ: ВИД СОДЕРЖАНИЯ |
| Код вида содержания (ISBD) |
i3 |
| Код характеристики содержания (ISBD) |
axxe |
| 182 #0 - ПОЛЕ КОДИРОВАННЫХ ДАННЫХ: ТИП СРЕДСТВА |
| Код типа средства (ISBD) |
n - непосредственное |
| 200 1# - ЗАГЛАВИЕ И СВЕДЕНИЯ ОБ ОТВЕТСТВЕННОСТИ |
| Основное заглавие |
Россия и мировое сообщество: проблемы демографии, экологии и здоровья населения |
| Сведения, относящиеся к заглавию |
IV Международная научно-практическая конференция, 30-31 августа 2021 г. |
| -- |
сборник статей |
| Первые сведения об ответственности |
Министерство науки и высшего образования РФ, Российская академия наук, Отделение историко-филологических наук, Научный совет по исторической демографии и исторической географии [и др.] |
| Последующие сведения об ответственности |
под редакцией докторов исторических наук, профессоров С. Д. Морозова, В. Б. Жиромской |
| 203 ## - ВИД СОДЕРЖАНИЯ И ТИП СРЕДСТВА |
| Вид содержания |
Текст |
| Дополнительные сведения об издании |
визуальный |
| Тип средства |
непосредственный |
| 210 ## - ПУБЛИКАЦИЯ, РАСПРОСТРАНЕНИЕ И ДР. |
| Место издания, распространения и т.д. |
Пенза |
| Имя издателя, распространителя и т. д. |
РИО ПГАУ |
| Дата издания, распространения и т.д. |
2021 |
| 215 ## - ФИЗИЧЕСКАЯ ХАРАКТЕРИСТИКА |
| Специфическое обозначение материала и объем |
102 с. |
| Другие сведения о физической характеристике |
ил., табл. |
| Размеры |
20 |
| 300 ## - ОБЩИЕ ПРИМЕЧАНИЯ |
| Текст примечания |
Текст рус., англ. |
| 320 ## - ПРИМЕЧАНИЯ О НАЛИЧИИ В ДОКУМЕНТЕ БИБЛИОГРАФИИ / УКАЗАТЕЛЯ |
| Текст примечания |
Библиогр. в конце ст. |
| 606 1# - НАИМЕНОВАНИЕ ТЕМЫ КАК ПРЕДМЕТ |
| Наименование темы |
Гуманитарные науки |
| Формальный подзаголовок |
Съезды, совещания и т.п |
| Системный номер авторитетной/нормативной записи |
2175177 |
| Идентификатор авторитетной/нормативной записи |
RU\NLR\AUTH\661308230 |
| 606 1# - НАИМЕНОВАНИЕ ТЕМЫ КАК ПРЕДМЕТ |
| Наименование темы |
Здоровье |
| Формальный подзаголовок |
Съезды, совещания и т.п |
| Географический подзаголовок |
Российская Федерация |
| Системный номер авторитетной/нормативной записи |
2097786 |
| Идентификатор авторитетной/нормативной записи |
RU\NLR\AUTH\661269094 |
| 686 1# - ИНДЕКСЫ ДРУГИХ КЛАССИФИКАЦИЙ |
| Индекс |
С.431 |
| 686 1# - ИНДЕКСЫ ДРУГИХ КЛАССИФИКАЦИЙ |
| Индекс |
Ч21я431 |
| 686 1# - ИНДЕКСЫ ДРУГИХ КЛАССИФИКАЦИЙ |
| Индекс |
Р11(2)0я431 |
| 702 #1 - ИМЯ ЛИЦА - ВТОРИЧНАЯ ОТВЕТСТВЕННОСТЬ |
| Код отношения |
Редактор |
| Материалы, к которым относится поле |
rus |
| Графика поля |
Кириллица |
| Начальный элемент ввода |
Морозов |
| Часть имени, кроме начального элемента ввода |
С. Д. |
| Дополнения к именам, кроме дат |
д-р ист. наук, отечеств. история |
| Расширение инициалов личного имени |
Сергей Дмитриевич |
| Идентификатор авторитетной/нормативной записи |
RU\NLR\AUTH\7743047 |
| Системный номер авторитетной/нормативной записи |
25990 |
| 711 12 - НАИМЕНОВАНИЕ ОРГАНИЗАЦИИ - АЛЬТЕРНАТИВНАЯ ОТВЕТСТВЕННОСТЬ |
| Начальный элемент ввода |
"Россия и мировое сообщество: проблемы демографии, экологии и здоровья населения", международная научно-практическая конференция |
| Порядковый номер временной организации и / или порядковый номер ее части |
4 |
| Место проведения временной организации |
Пенза |
| Дата проведения временной организации |
2021 |
| Системный номер авторитетной/нормативной записи |
790109 |
| Идентификатор авторитетной/нормативной записи |
RU\NLR\AUTH\880561451 |
| 712 02 - НАИМЕНОВАНИЕ ОРГАНИЗАЦИИ - ВТОРИЧНАЯ ОТВЕТСТВЕННОСТЬ |
| Код отношения |
Прочие |
| Начальный элемент ввода |
Российская академия наук |
| Структурное подразделение |
Научный совет по исторической демографии и исторической географии |
| Идентификатор авторитетной/нормативной записи |
RU\NLR\AUTH\8810023320 |
| Системный номер авторитетной/нормативной записи |
544646 |
| 942 ## - ДОПОЛНИТЕЛЬНЫЕ ЭЛЕМЕНТЫ ЗАПИСИ (АБИС) |
| Тип экземпляра АБИС |
Книга |
| 980 ## - КОЛЛЕКЦИЯ |
| Название коллекции |
Национальная библиография |